| 000 | 00664nam a2200229Ia 4500 | ||
|---|---|---|---|
| 003 | OSt | ||
| 005 | 20220614114849.0 | ||
| 008 | 210716s1998 xx 000 0 und d | ||
| 020 | _a8173710805 | ||
| 040 | _cAIMIT LIBRARY | ||
| 041 | _aeng | ||
| 082 |
_a658.3124 _21st _bHARA |
||
| 100 |
_aHardingham, Alison. _942195 |
||
| 245 |
_aDesigning training / _cBy Alison Hardingham. |
||
| 250 | _a1st | ||
| 260 |
_aHyderabad : _bUniversities Press , _c1998. |
||
| 300 |
_avii, 128p. ; _c22.5 cm. |
||
| 650 |
_aTraining choices _942196 |
||
| 650 |
_aThe politics of training _942197 |
||
| 650 |
_aPlaying with process _942198 |
||
| 942 |
_2ddc _cBK _e1st _k658.3124 HARA |
||
| 999 |
_c198886 _d198886 |
||